Представление документа в формате RUSMARC

ПолеНазваниеЗначение
  Тип записи a
  Библиографический уровень m
001 Контрольный номер RU/УОНБ/EK_N/653489680
005 Дата корректировки 20240130235136.2
013 Номер (ISMN) __
a Номер (ISMN) 979-0-706380-77-3
d Цена 253 р.
071 Издательские номер (звукозапись и ноты) 21
a Номер, присвоенный агентством 16179
100 Данные общей обработки __
a Данные общей обработки 20200915d2005 u y0rusy0189||||ca
101 Язык документа 0_
a Язык текста rus
a Язык текста eng
f Язык титульного листа rus
f Язык титульного листа eng
102 Страна публикации __
a Страна публикации RU
105 Кодированные данные (монография) __
a Кодированные данные (монография) y###||||000|y
125 Кодированные данные звукозаписи и нотных изданий __
a Форма изложения нотного текста z|
128 Кодированные данные (звукозаписи-физические характеристики) __
a Кодированные данные: Музыкальная форма и тональность или лад zz
c Инструменты или голоса, рекомендуемые для солистов (устаревшее) sa||
200 Заглавие и сведения об ответственности 1_
a Заглавие [Вып.] 1
z Язык параллельного заглавия eng
210 Выходные данные 1_
d Дата издания сор. 2005
215 Физическое описание __
a Объем 36 с.
327 Примечание о содержании 11
a Примечание о содержании Содерж. : Прокофьев С. Соната : ор. 115. - Левитин Ю. Вариации : ор. 46. - Мострас К. Речитатив и Токката. - Чугаев А. Каприччио.
461 Уровень набора _0
1 001RU/УОНБ/EK_N/653486129
1 200
a Музыка XX века
b Ноты
d 20th-Century Musik
e произведения для скрипки соло
f сост. Т. Ямпольский
z eng
v [Вып.] 1
1 210
a М.
c Музыка
d 2005
464 Аналитический уровень _0
1 2001
a Соната
e ор. 115
1 700 1
a Прокофьев
b С.
464 Аналитический уровень _0
1 2001
a Вариации
e ор. 46
1 700 1
a Левитин
b Ю.
464 Аналитический уровень _0
1 2001
a Речитатив и Токката
1 700 1
a Мострас
b К.
464 Аналитический уровень _0
1 2001
a Каприччио
1 700 1
a Чугаев
b А.
512 Заглавие обложки 1_
a Заглавие обложки Произведения для скрипки соло
606 Тематические рубрики 0_
a Основная рубрика Скрипичная музыка советских композиторов
x Основная подрубрика Произведения
610 Ключевые слова 0_
a Ключевые слова скрипка соло
610 Ключевые слова 0_
a Ключевые слова произведения
686 Индексы других классификаций __
a Классификационный индекс 85.955.4(2)я43
2 Код системы rubbk
801 Источник записи _0
a Страна RU
b Организация Ульяновская ОНБ
c Дата составления 20200915
g Правила каталогизации RCR
801 Источник записи _1
a Страна RU
b Организация Ульяновская ОНБ
c Дата составления 20200915
g Правила каталогизации RCR
901 Тип документа __
t Тип документа n
w Контрольный № источника RU/УОНБ/EK_N/653486129
909 Создатель записи __
a Создатель записи Лобина Л. И.
938 Служебная информация __
a Имя БД noti
b Имя библиотеки УОНБ
c Имя АИБС МАРК-SQL
d Номер DOC_ID в БД 22791